000 00333nam a22001337a 4500
008 xxu||||| |||| 00| 0 eng d
020 _a9780781725255
041 _aeng
080 _24ED
_a61
100 _a3
101 _aSHM
245 _aACMS RESOURCE MANUAL GUDELINE FOR EXPERCISE TESTING AND PRECRIPTION
_cROITMAN JEFREY .L
942 _2udc
_cBK
999 _c4175
_d4175